| 000 | 01511nam0a2200313 4500 | ||
|---|---|---|---|
| 001 | RU\NLR\bibl\1317628 | ||
| 005 | 20260408202720.0 | ||
| 010 |
_a978-5-86547-482-1 _93000 |
||
| 021 |
_aRU _b2008-91974 _95384 |
||
| 035 | _a(NLR Aleph) 001303001 | ||
| 090 |
_a631274 _c631274 |
||
| 100 | _a20090120d2008 |||y0rusy50 ca | ||
| 101 | 0 | _arus | |
| 102 | _aRU | ||
| 105 | _aa ||||||||| | ||
| 200 | 1 |
_aВ цирк! _eучебник русского языка как родного для детей, живущих вне России _fЕкатерина Протасова, Вера Хлебникова |
|
| 210 |
_aСанкт-Петербург _cЗлатоуст _d2008 |
||
| 215 |
_a184 с. _cцв. ил. _d26 |
||
| 606 | 1 |
_aРусский язык _xРазговорная речь _xОбучение _yЗарубежные страны _92557071 _3RU\NLR\auth\661512797 |
|
| 606 |
_aДошкольники _xОбучение русскому языку _yЗарубежные страны _92557072 _3RU\NLR\auth\661512798 |
||
| 686 | _aЧ426.131(3)01 | ||
| 686 | _aЧ411.382.1 | ||
| 700 | 1 |
_4070 _7ca _8rus _aПротасова _bЕ. Ю. _cд-р пед. наук, канд. филол. наук _gЕкатерина Юрьевна _9120984 _3RU\NLR\AUTH\7711230 |
|
| 701 | 1 |
_4070 _7ca _8rus _aМитурич-Хлебникова _bВ. М. _f1954- _gВера Майевна _938100 _3RU\NLR\auth\7755168 |
|
| 801 | 0 |
_aRU _bNLR _c20090120 _gRCR |
|
| 801 | 1 |
_aRU _bNLR _c20090120 |
|
| 942 | _cBOOK | ||
| 980 | _aNB | ||